MARC

LEADER 00000nam0a2200000 4500
001 40221
005 20231101210613.0
010 |a 5247012518 
035 |a (RuTPU)RU\TPU\book\41245 
090 |a 40221 
100 |a 20020430d1991 km y0rusy50 ca 
101 0 |a rus 
102 |a RU 
105 |a a g 001zy 
200 1 |a Геодезия  |a Топографические съемки  |e Справочное пособие  |f Ю. К. Неумывакин, Е. И. Халугин, П. Н. Кузнецов, А. В. Бойко  |g Под ред. В. П. Савиных; В. Р. Ященко 
210 |a Москва  |c Недра  |d 1991 
215 |a 316 с.  |c ил. 
300 |a Авторы указаны на обороте титульного листа. 
320 |a Библиогр.: с. 312-313. 
606 |a Геодезия  |2 stltpush  |3 (RuTPU)RU\TPU\subj\6015  |9 33982 
606 |a Полигонометрия  |2 stltpush  |3 (RuTPU)RU\TPU\subj\50162  |9 68905 
606 |a Топография  |2 stltpush  |3 (RuTPU)RU\TPU\subj\60984  |9 78201 
610 1 |a топографическая съемка 
610 1 |a триангуляция 
610 1 |a нивелирование 
610 1 |a автоматизация 
610 1 |a цифровые карты 
610 1 |a планы 
610 1 |a картография 
610 1 |a справочники 
675 |a 528(035)  |v 3 
675 |a 528.33(035)  |v 3 
675 |a 528.4(035)  |v 3 
701 1 |a Неумывакин  |b Ю. К.  |g Юрий Кириллович 
701 1 |a Халугин  |b Е. И.  |g Евгений Иванович 
701 1 |a Кузнецов  |b П. Н.  |g Павел Никитич 
701 1 |a Бойко  |b А. В.  |g Алексей Викторович 
702 1 |a Савиных  |b В. П.  |g Виктор Петрович  |4 340 
702 1 |a Ященко  |b В. Р.  |4 340 
801 1 |a RU  |b 63413507  |c 20020430  |g PSBO 
801 2 |a RU  |b 63413507  |c 20170123  |g PSBO 
942 |c BK